Slovensko a medzinárodná vedecko-technická spolupráca. 3.

Vyhodnocovanie výsledkov medzinárodnej vedecko-technickej spolupráce. Vyčísliteľné a nevyčísliteľné prínosy medzinárodnej vedecko-technickej spolupráce. Minimálny a optimálny rozsah aktivít v tejto oblasti. Formulácia minimálneho rozsahu aktivít pre SR, ako aj konkrétnych úloh a činností, ktoré z ni...

ver descrição completa

Na minha lista:
Detalhes bibliográficos
Autor principal: Kovačič, Ľ.
Formato: Capítulo de Livro
Idioma:eslovaco
Assuntos:
Tags: Adicionar Tag
Sem tags, seja o primeiro a adicionar uma tag!

MARC

LEADER 00000naa a2200000 4500
001 r011320
005 20220826094914.8
041 0 |a slo 
044 |a [CS] 
245 1 0 |a Slovensko a medzinárodná vedecko-technická spolupráca. 3.  |c Ľ. Kovačič 
520 |a Vyhodnocovanie výsledkov medzinárodnej vedecko-technickej spolupráce. Vyčísliteľné a nevyčísliteľné prínosy medzinárodnej vedecko-technickej spolupráce. Minimálny a optimálny rozsah aktivít v tejto oblasti. Formulácia minimálneho rozsahu aktivít pre SR, ako aj konkrétnych úloh a činností, ktoré z nich vyplývajú. Stanovenie poradia priorít, nevyhnutných na okamžité zabezpečenie kvalifikovanej účasti SR na medzinárodnej spolupráci v oblasti vedy a techniky. 
610 2 0 |a spolupráca vedeckotechnická 
610 2 0 |a Slovensko 
100 1 |a Kovačič, Ľ.